| 000 | 01254cam a2200253 4500 | ||
|---|---|---|---|
| 001 | WB3609-13 | ||
| 008 | 000000n2000 000 0 eng u | ||
| 035 | _a(Sirsi) u104504 | ||
| 245 | _aCompensation | ||
| 260 | _c2000 | ||
| 490 |
_aEstates Gazette Case Summaries _v[2000] EGCS 24(1) |
||
| 520 | _a"Fletcher Estates (Harlescott) Ltd v SoS Environment and another; Newell and others v SoS Environment and another" HL 17 February 2000. Appellants both owners of land near Shrewsbury that had been subject to a compulsory purchase order for construction of the A49 Shrewsbury bypass. Owners applied for certificates of appropriate alternative development and SoS issued negative certificates. Owners alleged error and appealed. Appeal dismissed. | ||
| 590 | _aWB | ||
| 650 | _aCERTIFICATES OF APPROPRIATE ALTERNATIVE DEVELOPMENT | ||
| 650 |
_aCompulsory purchase _96228 |
||
| 650 | _aPLANNING PERMISSION | ||
| 650 | _aREFUSAL | ||
| 650 | _aRESIDENTIAL DEVELOPMENT | ||
| 650 | _aFLETCHER ESTATES (HARLESCOTT) LTD V SOS ENVIRONMENT | ||
| 650 | _aNEWELL AND OTHERS V SOS ENVIRONMENT AND ANOTHER | ||
| 650 | _aBYPASS | ||
| 690 | _aENVIRONMENTAL AND LAND CONSULTANCY-PLANNING AND DEVELOPMENT-COMPULSORY PURCHASE AND COMPENSATION | ||
| 942 | _n0 | ||
| 999 |
_c62705 _d62705 |
||